000 00751nam a22002535a 4500
001 ES-MaREB00188746-6
003 OSt
005 20180321150350.0
008 020226s2002 esp spa d
020 _a978-607-448-253-9
040 _cCRI
_bSpa
082 _a613
082 _a362.04
100 1 _923996
_aÁlvarez Alvar, Rafael
245 1 0 _aSalud pública y medicina preventiva
_cRafaél Álvarez Alva ; Pablo A. Kuri-Morales
250 _a4ª ed
260 _aMéxico, D.F.
_bEl Manual Moderno
_c2012
300 _aXII, 462 p.
_c23 cm
500 _aÍndice p. [445]-462
650 2 4 _aSalud pública
_94291
650 2 4 _923995
_aMedicina preventiva
700 1 _aKuri-Morales, Pablo‏
_942370
942 _2ddc
_cBK
_hprozim
999 _c29123
_d29123